[Event "Montilla"]
[Site "Montilla"]
[Date "1977.??.??"]
[Round "1"]
[White "Stean, Michael"]
[Black "Calvo Minguez, Ricardo"]
[Result "1-0"]
[WhiteElo "2485"]
[BlackElo "2465"]

1.c4 Nf6 2.Nf3 e6 3.g3 d5 4.Bg2 Be7 5.d4 O-O 6.O-O dxc4 7.Qc2 a6 8.Qxc4 b5
9.Qc2 Bb7 10.Bf4 Nc6 11.Nc3 Nb4 12.Qc1 Rc8 13.a3 Nbd5 14.b4 Nxc3 15.Qxc3 Nd5
16.Qd2 Nb6 17.Rfd1 Be4 18.Ne1 Nc4 19.Qc3 Bxg2 20.Nxg2 g5 21.Bc1 c5 22.bxc5 Rxc5
23.e4 Rc7 24.Qf3 Rd7 25.Be3 f5 26.d5 exd5 27.exf5 d4 28.Bd2 Bf6 29.Bb4 Qa8
30.Qb3 Rff7 31.a4 d3 32.Ra2 Qe4 33.axb5 axb5 34.Bc5 Ne5 35.Qxb5 Nf3+ 36.Kh1 Qg4
37.Ra8+ Bd8 38.Rxd3 Qh3 39.Rxd8+ Rxd8 40.Rxd8+ Kg7 41.Bf8+ Rxf8 42.Qb7+  1-0

[Event "Rubinstein mem"]
[Site "Polanica Zdroj"]
[Date "1977.??.??"]
[Round "1"]
[White "Ghitescu, Theodor"]
[Black "Farago, Ivan"]
[Result "1/2-1/2"]
[WhiteElo "2440"]
[BlackElo "2500"]

1.c4 Nf6 2.Nf3 e6 3.g3 d5 4.d4 Be7 5.Bg2 O-O 6.O-O Nbd7 7.Qc2 c6 8.Nbd2 b6
9.b3 Bb7 10.Rd1 Rc8 11.e4 c5 12.exd5 exd5 13.Bb2 dxc4 14.Qxc4 Bd5 15.Qf1 Qc7
16.Rac1 Qb7 17.Ne1 cxd4 18.Bxd4 Rxc1 19.Rxc1 Rc8  1/2-1/2

[Event "Rubinstein mem"]
[Site "Polanica Zdroj"]
[Date "1977.??.??"]
[Round "3"]
[White "Mascarinas, Rico"]
[Black "Farago, Ivan"]
[Result "1/2-1/2"]
[WhiteElo "2345"]
[BlackElo "2500"]

1.Nf3 d5 2.d4 Nf6 3.c4 e6 4.g3 Be7 5.Bg2 O-O 6.O-O Nbd7 7.Qc2 c6 8.Nbd2 b6
9.e4 Bb7 10.e5 Ne8 11.b3 Rc8 12.Bb2 c5 13.dxc5 Nxc5 14.Rfd1 Nc7 15.Rac1 Qd7
16.Nf1 Rfd8 17.Ne3 Qe8 18.Nd4 dxc4 19.Nxc4 Bxg2 20.Kxg2 Nd5 21.Qe2 Nb7 22.a4 h6
23.Qf3 Bb4 24.Nc2 Bc5 25.Bd4 Qe7 26.Bb2 Na5 27.Nd6 Bxd6 28.exd6 Qxd6 29.Nd4 Rxc1
30.Rxc1 Qd7 31.Qe2 Rc8 32.Rxc8+ Qxc8 33.Qe5 Qc7 34.Qxc7 Nxc7 35.f4 f6 36.Bc3 Nb7
37.Nc6 Nc5 38.Nxa7 Nxb3 39.Nc6 Nd5 40.Be1 Kf7 41.a5 bxa5 42.Nxa5 Nxa5 43.Bxa5 Ke7
44.Kf3 f5 45.Bd2 Kd6 46.Bc1 Nf6 47.Ba3+ Kd5 48.Bb2 Ne8 49.h3 g6 50.g4 Nd6
51.Bg7 Nf7 52.Ke3 Kc4 53.Bf6 Nd6 54.Bg7 h5 55.gxh5 gxh5 56.Be5 Ne4 57.Bg7 Nc3
58.Be5 Nd5+ 59.Ke2 Nb4 60.Ke3 h4 61.Kf3  1/2-1/2

[Event "Rubinstein mem"]
[Site "Polanica Zdroj"]
[Date "1977.??.??"]
[Round "14"]
[White "Schinzel, Wladyslaw"]
[Black "Farago, Ivan"]
[Result "1/2-1/2"]
[WhiteElo "2375"]
[BlackElo "2500"]

1.c4 Nf6 2.Nf3 e6 3.g3 d5 4.d4 Be7 5.Bg2 O-O 6.O-O Nbd7 7.Qc2 c6 8.b3 b5
9.c5 Ne4 10.Nbd2 f5 11.Bb2 a5 12.a3 Qc7 13.b4 a4 14.Nxe4 fxe4 15.Ne5 Nxe5
16.dxe5 Bd7 17.f3 exf3 18.exf3 Be8  1/2-1/2

[Event "SWE-ch"]
[Site "?"]
[Date "1977.??.??"]
[Round "?"]
[White "Svensson, Gert"]
[Black "Bengtsson, Bo"]
[Result "1/2-1/2"]
[WhiteElo "2260"]
[BlackElo "2340"]

1.d4 Nf6 2.c4 e6 3.g3 d5 4.Bg2 Be7 5.Nf3 O-O 6.O-O Nbd7 7.b3 b6 8.Bb2 Bb7
9.Ne5 c5 10.cxd5 Nxe5 11.dxe5 Nxd5 12.Nd2 Rc8 13.Nc4 b5 14.Nd6 Bxd6 15.exd6 c4
16.e4 Nf6 17.Bxf6 gxf6 18.Qh5 Qxd6 19.e5 Qb6 20.exf6 Kh8 21.Bxb7 Qxb7 22.Rad1 Qc6
23.bxc4 bxc4 24.Rd4 Qc5 25.Qh6 Rg8 26.Rfd1 Qf5 27.Rd8 Qg6 28.Rxg8+ Qxg8 29.Rd4 c3
30.Rd1 Qg6 31.Qxg6 fxg6 32.g4 g5 33.Kf1 Kg8 34.Ke2 Kf7 35.Rd7+ Kxf6 36.Kd1 h5
37.gxh5 Rh8 38.Rxa7 Rxh5 39.Rc7 Rxh2 40.Ke2 Rh3 41.Rc5 g4 42.a4 c2 43.Rxc2 Ra3
44.Rc4 Kf5 45.Kf1 e5 46.Kg2 e4 47.Rc5+ Kf4 48.Ra5 g3 49.fxg3+ Rxg3+ 50.Kf2 Ra3
51.Rh5 Ra2+ 52.Ke1 Rxa4 53.Rh3 Ra1+ 54.Ke2 Ra2+ 55.Ke1 Rb2 56.Rc3 e3 57.Rc8 Rb1+  1/2-1/2

[Event "Tbilisi-Sukhumi"]
[Site "Tbilisi"]
[Date "1977.??.??"]
[Round "?"]
[White "Alburt, Lev O"]
[Black "Kholmov, Ratmir D"]
[Result "0-1"]
[WhiteElo "2505"]
[BlackElo "2555"]

1.d4 Nf6 2.c4 e6 3.g3 d5 4.Bg2 Be7 5.Nf3 O-O 6.O-O b6 7.Ne5 Bb7 8.Qa4 Qe8
9.Qc2 Nc6 10.Nxc6 Qxc6 11.Bg5 h6 12.Bxf6 Bxf6 13.Rd1 Rfd8 14.e3 b5 15.c5 e5
16.dxe5 Bxe5 17.Nd2 Qf6 18.Nb3 Bxb2 19.Rab1 Bc3 20.Rd3 b4 21.Na5 Ba6 22.Rxd5 Rxd5
23.Bxd5 Rd8 24.Rd1 g6 25.Bg2 Kg7 26.Rxd8 Qxd8 27.Nc6 Qg5 28.Qa4 Be2 29.Qxa7 Qf5
30.h4 Be1 31.Qxc7 Qxf2+ 32.Kh1 Bf3 33.Bxf3 Qxf3+ 34.Kh2 Qf2+ 35.Kh3 Qf1+
36.Kh2 Bf2 37.Qe5+ Kh7 38.Qf4 Qg1+ 39.Kh3 Qh1+ 40.Kg4 f5+  0-1

[Event "Yerevan"]
[Site "Yerevan"]
[Date "1977.??.??"]
[Round "9"]
[White "Popov, N."]
[Black "Lputian, Smbat G"]
[Result "0-1"]
[WhiteElo "2410"]
[BlackElo "2200"]

1.d4 e6 2.Nf3 d5 3.c4 Nf6 4.g3 Be7 5.Bg2 O-O 6.O-O c6 7.Qc2 b6 8.b3 Nbd7
9.Bb2 Ba6 10.Nbd2 Rc8 11.e4 c5 12.dxc5 dxc4 13.Nxc4 b5 14.Ne3 Bxc5 15.Qd3 Nb6
16.Qe2 Nxe4 17.a4 Nd5 18.Nxd5 Qxd5 19.Rad1 Qxb3 20.Qxe4 Qxb2 21.Ng5 g6 22.Rb1 Qd4
23.Qh4 h5 24.Ne4 Qd3 25.Nf6+ Kg7 26.Nxh5+ gxh5 27.Qg5+ Kh7 28.Qxh5+ Kg7 29.Qg5+ Kh7
30.Rbe1 Qc3 31.Qh4+ Kg7 32.Qg5+ Kh7 33.Qh5+ Kg8 34.Re4 Rfd8 35.Rfe1 Kf8 36.Qh6+  0-1

[Event "JUG-ch"]
[Site "Zagreb"]
[Date "1977.??.??"]
[Round "2"]
[White "Bertok, Mario"]
[Black "Kovacevic, Vlatko"]
[Result "0-1"]
[WhiteElo "2425"]
[BlackElo "2495"]

1.d4 Nf6 2.c4 e6 3.Nf3 d5 4.g3 Be7 5.Bg2 O-O 6.O-O Nbd7 7.Qc2 c6 8.b3 b6
9.Bb2 Bb7 10.Nc3 Ba6 11.Rfd1 b5 12.c5 b4 13.Na4 Ne4 14.Ne1 f5 15.Nd3 Qb8
16.f3 Ng5 17.e3 Bf6 18.Qf2 Bxd3 19.Rxd3 e5 20.Rdd1 e4 21.f4 Ne6 22.Bh3 Be7
23.g4 fxg4 24.Bxg4 Rf6 25.Kh1 Kh8 26.Rg1 Qf8 27.Raf1 Rh6 28.Qd2 Rb8 29.Qe2 Rb5
30.Bc1 Qf7 31.Qg2 Nef8 32.Bd2 Nf6 33.Be2 Rb8 34.Be1 Bd8 35.f5 Bc7 36.Bg3 Bxg3
37.Qxg3 Rc8 38.Rg2 Qc7 39.Rf4 Re8 40.Qe1 Qb8 41.Rh4 Ng8 42.Rf4 Re7 43.Qg3 Rf6
44.Qg5 Nh6 45.Bf1 Ref7 46.Rgf2 Nd7 47.Nb2 Qf8 48.Bh3 Nb8 49.Nd1 Na6 50.Rf1 Nc7
51.R4f2 Nb5 52.Rf4 a5 53.R1f2 Na7 54.Rf1 Nc8 55.Nf2 Ne7 56.Ng4 Nxg4 57.Bxg4 Ng8
58.Bh5 Ra7 59.R1f2 Nh6 60.h3 Qa8 61.Rg2 Qc8 62.Rgf2 Qd7 63.Qg1 Ra8 64.Qf1 Raf8
65.Qa6 Nxf5 66.Bg4 h5 67.Bxf5 Rxf5 68.Qe2 Kg8 69.Rxf5 Rxf5 70.Rxf5 Qxf5 71.Kg2 Kh7
72.Kg3 Kh6 73.Kh2 g5 74.Qa6 Qf6 75.Qc8 g4 76.Kg1 g3  0-1

[Event "BCF-ch"]
[Site "Ayr"]
[Date "1978.08.09"]
[Round "3"]
[White "Whiteley, Andrew J"]
[Black "Clarke, Peter H"]
[Result "1/2-1/2"]
[WhiteElo "2385"]
[BlackElo "2345"]

1.d4 Nf6 2.c4 e6 3.g3 d5 4.Bg2 Be7 5.Nf3 O-O 6.O-O b6 7.Ne5 Bb7 8.Nc3 Nbd7
9.Qa4 c6 10.Rd1 Nxe5 11.dxe5 Nd7 12.cxd5 cxd5 13.e4 Nc5 14.Qc2 d4 15.f4 Rc8
16.Be3 dxe3 17.Rxd8 Rfxd8 18.Rd1 Rxd1+ 19.Qxd1 Rd8 20.Qf3 Nd3 21.Bf1 Nxb2
22.f5 Bb4 23.Nb5 exf5 24.Qxf5 Bc8 25.Qg5 Rd1 26.Nd6 h6 27.Qd8+ Kh7 28.Qxc8 e2
29.Qf5+ Kg8 30.Qxf7+ Kh7 31.Qf5+ Kg8 32.Qf7+ Kh7 33.Qf5+ Kg8  1/2-1/2

[Event "Amsterdam zt"]
[Site "Amsterdam"]
[Date "1978.??.??"]
[Round "5"]
[White "Sosonko, Gennadi"]
[Black "Keogh, Eamon"]
[Result "1-0"]
[WhiteElo "2575"]
[BlackElo "2200"]

1.d4 Nf6 2.c4 e6 3.g3 d5 4.Bg2 Be7 5.Nf3 c6 6.O-O Nbd7 7.Qc2 O-O 8.b3 b6
9.Rd1 Ba6 10.Nbd2 Rc8 11.e4 Ne8 12.Bb2 Nc7 13.a3 Bf6 14.Nf1 g6 15.Ne3 Bb7
16.b4 Qe7 17.Re1 dxc4 18.Nxc4 Ne8 19.e5 Bg7 20.Nfd2 Ba6 21.Ne4 Bxc4 22.Qxc4 c5
23.f4 Rc7 24.d5 exd5 25.Qxd5 cxb4 26.axb4 Nb8 27.b5 Rd7 28.Qb3 Qe6 29.Qxe6 fxe6
30.Ba3  1-0

[Event "IBM-B"]
[Site "Amsterdam"]
[Date "1978.??.??"]
[Round "6"]
[White "Bohm, Hans"]
[Black "Janosevic, Dragoljub"]
[Result "1/2-1/2"]
[WhiteElo "2410"]
[BlackElo "2455"]

1.d4 Nf6 2.c4 e6 3.g3 d5 4.Bg2 Be7 5.Nf3 O-O 6.O-O c6 7.b3 b6 8.Ne5 Bb7 9.cxd5 cxd5
10.Ba3 Nbd7 11.Bxe7 Qxe7 12.Nxd7 Qxd7 13.Nd2 Rac8 14.Nf3 Rc3 15.Ne5 Qc7 16.Qd2 Rc2
17.Qd3 Ne4 18.Bxe4 dxe4 19.Qe3 Rc8 20.h4 f6 21.Nc4 a6 22.a4 Bd5 23.Rfe1 h6
24.h5 Qc6 25.a5 Bxc4 26.bxc4 Rxc4 27.axb6 Qxb6 28.Qxe4 Rxd4 29.Rxa6 Qxa6
30.Qxd4 Qa5 31.Rb1 Qxh5 32.Qe4 Qd5 33.Qxd5 exd5 34.Rb7 h5 35.Rd7 Rc1+ 36.Kg2 Rd1
37.e3 Rd2 38.Kf1  1/2-1/2

[Event "Amsterdam zt"]
[Site "Amsterdam"]
[Date "1978.??.??"]
[Round "13"]
[White "Sosonko, Gennadi"]
[Black "Morrison, Graham"]
[Result "1-0"]
[WhiteElo "2575"]
[BlackElo "2230"]

1.d4 Nf6 2.c4 e6 3.g3 d5 4.Bg2 Be7 5.Nf3 O-O 6.O-O dxc4 7.Qc2 a6 8.Qxc4 b5
9.Qc2 Bb7 10.Bd2 Nc6 11.e3 Nb4 12.Bxb4 Bxb4 13.a3 Bd6 14.Nbd2 Qe7 15.e4 e5
16.Nh4 g6 17.f4 exd4 18.e5 d3 19.Qxd3 Bc5+ 20.Kh1 Rfd8 21.Qc2 Bxg2+ 22.Nxg2 Nd5
23.Ne4 Bd4 24.Rad1 Nb6 25.Rde1 Nc4 26.Nf6+ Kg7 27.b3 Nxa3 28.Qe4 Qe6 29.Nh4 c5
30.Nf3 Qxb3 31.f5 Ra7 32.Qh4 Rh8 33.Nh5+ gxh5 34.Qf6+ Kg8 35.Qd8+ Kg7 36.f6+  1-0

[Event "HUN-ch"]
[Site "Budapest"]
[Date "1978.??.??"]
[Round "?"]
[White "Szekely, Peter"]
[Black "Dely, Peter"]
[Result "1/2-1/2"]
[WhiteElo "2200"]
[BlackElo "2445"]

1.d4 Nf6 2.c4 e6 3.g3 d5 4.Nf3 Be7 5.Bg2 O-O 6.O-O dxc4 7.Ne5 Nc6 8.Bxc6 bxc6
9.Nxc6 Qe8 10.Nxe7+ Qxe7 11.Qc2 e5 12.dxe5 Qxe5 13.Qxc4 Be6 14.Qc2 Bf5 15.Qc4 Be6
16.Qc2  1/2-1/2

[Event "URS-ch sf"]
[Site "Daugavpils"]
[Date "1978.??.??"]
[Round "?"]
[White "Khodos, German"]
[Black "Leibovich, D."]
[Result "1/2-1/2"]
[WhiteElo "2200"]
[BlackElo "2200"]

1.d4 Nf6 2.c4 e6 3.g3 d5 4.Nf3 Be7 5.Bg2 O-O 6.O-O dxc4 7.Qc2 a6 8.a4 Nc6
9.Rd1 Nb4 10.Qxc4 b5 11.Qb3 Bb7 12.Nc3 bxa4 13.Rxa4 Rb8 14.Ne5 Qc8 15.e4 c5
16.d5 exd5 17.exd5 Qf5 18.Bf4 g5 19.Nxf7 Ng4 20.d6 Rxf7 21.dxe7 Kg7 22.Rd8 Rxe7
23.Qg8+ Kh6 24.Qxg5+ Qxg5 25.Rxb8 Re1+ 26.Bf1 Bc6 27.Ra5 Nxh2 28.Bxg5+ Kh5
29.Kxh2 Rxf1 30.g4+ Kxg4 31.Rxb4+ cxb4 32.Nd5 Bxd5 33.Rxd5 Rxf2+ 34.Kg1 Rxb2
35.Bf6 Ra2  1/2-1/2

[Event "URS-ch sf"]
[Site "Daugavpils"]
[Date "1978.??.??"]
[Round "?"]
[White "Zilberstein, Valery I"]
[Black "Lerner, Konstantin Z"]
[Result "0-1"]
[WhiteElo "2200"]
[BlackElo "2445"]

1.d4 Nf6 2.c4 e6 3.g3 d5 4.Nf3 Be7 5.Bg2 O-O 6.O-O dxc4 7.Qc2 a6 8.a4 Bd7
9.Ne5 Bc6 10.Nxc6 Nxc6 11.e3 Na5 12.Na3 c5 13.dxc5 Rc8 14.Rd1 Qc7 15.c6 Nxc6
16.Qxc4 Qb6 17.Qa2 Na5 18.Bd2 Bb4 19.Bxb4 Qxb4 20.Rd4 Qb3 21.Qb1 e5 22.Rd3 Qxa4
23.b4 e4 24.Bxe4 Nxe4 25.bxa5 Qxa5 26.Rd4 Nc3 27.Qb2 Qh5 28.Kg2 b5 29.Qb4 Qc5
30.Qxc5 Rxc5 31.Nc2 Na4 32.Nb4 a5 33.Nd5 Ra8 34.e4 Kf8 35.Raxa4 bxa4 36.Nb6 Ra7
37.Nd7+ Rxd7 38.Rxd7 Ke8 39.Rd3 Rb5 40.h4 Ke7 41.Kh3 Rb4 42.Rd5 Rxe4 43.Rxa5 Kd6
44.Ra7 Kc5 45.Rxf7 a3 46.Rxg7 Ra4 47.Rxh7 a2 48.Rc7+ Kd5 49.Rc1 a1=Q 50.Rxa1 Rxa1
51.Kg4 Ke6 52.Kg5 Kf7 53.f4 Kg7 54.h5 Ra5+ 55.Kh4 Kf6 56.g4 Ra3 57.g5+ Kf5
58.h6 Rb3 59.h7 Rb1  0-1

[Event "URS-ch sf"]
[Site "Daugavpils"]
[Date "1978.??.??"]
[Round "?"]
[White "Alburt, Lev O"]
[Black "Kozlov, V."]
[Result "1-0"]
[WhiteElo "2510"]
[BlackElo "2445"]

1.d4 Nf6 2.c4 e6 3.g3 d5 4.Bg2 Be7 5.Nf3 O-O 6.O-O b6 7.Qc2 Bb7 8.cxd5 exd5
9.Nc3 Na6 10.Rd1 Re8 11.Bf4 Bd6 12.Be5 Qe7 13.Rac1 Ne4 14.Bxd6 cxd6 15.Qb3 Rac8
16.Nb5 Bc6 17.Ne1 Nxf2 18.Nxa7 Nxd1 19.Nxc8 Rxc8 20.Qxd1 Rc7 21.Bf3 h5 22.Ng2 h4
23.gxh4 Bb5 24.Qd2 Bd7 25.Rxc7 Nxc7 26.Qg5 Qe8 27.Kf2 Be6 28.Qc1 Qe7 29.Kg3 Bf5
30.Qg5 Qxg5+ 31.hxg5 Ne6 32.e3 Nxg5 33.Bxd5 Be6 34.Nf4 Bd7 35.b3 Kf8 36.a4 Nh7
37.Bf3 Nf6 38.h4 Ke7 39.e4 Be8 40.e5 dxe5 41.dxe5 Nd7 42.Nd5+ Kd8 43.Kf2 Nc5
44.Bd1 b5 45.a5 Nd3+ 46.Ke3 Nxe5 47.a6 Bc6 48.Kd4 f6 49.Kc5 Bxd5 50.Kxd5 Kc7
51.Kc5 b4 52.Bc2 Kb8 53.h5 Ka7 54.Kd6 Ng4 55.Ke6  1-0

[Event "URS-ch sf"]
[Site "Daugavpils"]
[Date "1978.??.??"]
[Round "?"]
[White "Mishuchkov, Nikolai M"]
[Black "Kataev, V."]
[Result "1/2-1/2"]
[WhiteElo "2410"]
[BlackElo "2200"]

1.c4 Nf6 2.Nf3 e6 3.g3 d5 4.d4 Be7 5.Bg2 O-O 6.Nc3 Nbd7 7.Qd3 c5 8.cxd5 Nxd5
9.O-O Nb4 10.Qb1 Nc6 11.dxc5 Bxc5 12.Ng5 Nf6 13.Rd1 Qe7 14.Na4 Bd6 15.Be3 Rd8
16.Nc3 Bd7 17.Nce4 Nxe4 18.Nxe4 Bc7 19.Bc5 Qe8 20.Nd6 Bxd6 21.Rxd6 b6 22.Be3 Rac8
23.Qe4 Na5 24.b3 Bc6 25.Qe5 Bxg2 26.Kxg2 Nc6 27.Rxd8 Qxd8 28.Qe4 Ne7 29.Rc1 Rxc1
30.Bxc1 Qd5 31.Qxd5 Nxd5 32.Bd2 e5 33.e4 Ne7 34.Bc3 f6 35.Kf1 Kf7 36.Ke2 Ke6
37.Kd3 Nc8 38.Bb4 Nd6 39.f4 g6 40.Ke3 h5 41.Kd3  1/2-1/2

[Event "Dortmund"]
[Site "Dortmund"]
[Date "1978.??.??"]
[Round "9"]
[White "Tatai, Stefano"]
[Black "Farago, Ivan"]
[Result "1-0"]
[WhiteElo "2455"]
[BlackElo "2510"]

1.d4 e6 2.c4 Nf6 3.g3 d5 4.Bg2 Be7 5.Nf3 O-O 6.O-O Nbd7 7.Nbd2 b6 8.Ne5 Bb7
9.cxd5 exd5 10.Ndc4 Ne4 11.Qc2 f6 12.Nxd7 Qxd7 13.Nd2 Nxd2 14.Bxd2 Bd6 15.Qb3 Qf7
16.Bb4 Bxb4 17.Qxb4 Rfe8 18.e3 Qe7 19.Qxe7 Rxe7 20.Rfc1 Kf7 21.Bh3 Bc8 22.Bf1 Bb7
23.Rc3 Ke6 24.Rac1 Kd6 25.Bb5 Rc8 26.b4 c6 27.Bd3 g6 28.h4 Rec7 29.Rb3 Re7
30.Ra3 Ra8 31.Kg2 Rc7 32.h5 gxh5 33.Rh1 c5 34.bxc5+ bxc5 35.Rxh5 c4 36.Bc2 Kc6
37.Ba4+ Kb6 38.Rh1 a6 39.Bc2 Rh8 40.Kf3 h5 41.Bg6 Bc8 42.Kf4 c3 43.Rb3+  1-0

[Event "Eerbeek"]
[Site "Eerbeek"]
[Date "1978.??.??"]
[Round "5"]
[White "Scheeren, Peter"]
[Black "Taylor, Timothy"]
[Result "1/2-1/2"]
[WhiteElo "2200"]
[BlackElo "2460"]

1.d4 d5 2.c4 e6 3.Nf3 Nf6 4.g3 Be7 5.Bg2 O-O 6.O-O b6 7.Nc3 Bb7 8.Ne5 Na6
9.b3 c5 10.Bb2 Qc7 11.cxd5 exd5 12.Rc1 Rad8 13.e3 Qb8 14.Qd3 Nc7 15.Rfe1 Ne6
16.Na4 Bd6 17.Qf5 Rfe8 18.dxc5 bxc5 19.Nd3 Ne4 20.Qg4 g6 21.Bxe4 h5 22.Qh4 Be7
23.Bf6 dxe4 24.Bxe7 exd3 25.Bxd8 Rxd8 26.Red1 d2 27.Rc2 Qe5 28.Rxc5 Qd6 29.Rc2 Bf3
30.Nb2 Bxd1 31.Nxd1 Qd5 32.Qc4 Qf3 33.Qf1 Ng5 34.h4 Ne4 35.Rc4 Rd6 36.Kh2 Rf6
37.Rd4 Nxg3 38.Qg2 Qxg2+ 39.Kxg2 Nf5 40.Rxd2 Nxh4+ 41.Kf1 Nf3 42.Rd5 h4 43.Kg2 g5
44.e4 Rf4 45.Ne3 f6 46.Rf5 Ne1+ 47.Kf1 h3 48.Kg1 Nf3+ 49.Kh1 Rxf5 50.exf5 Kf7
51.Nd5 a5 52.a4 Nd4 53.Ne3 Nxb3 54.Kh2 Nc5 55.Kxh3 Nxa4 56.Nc4 Ke7 57.Kg4 Nc5
58.Nxa5 Nd3 59.Kf3 Kd6 60.Ke3 Nc5 61.Kd4  1/2-1/2

[Event "Eerbeek"]
[Site "Eerbeek"]
[Date "1978.??.??"]
[Round "7"]
[White "Kelecevic, Nedeljko"]
[Black "Taylor, Timothy"]
[Result "1-0"]
[WhiteElo "2410"]
[BlackElo "2460"]

1.d4 d5 2.Nf3 Nf6 3.c4 e6 4.g3 Be7 5.Bg2 O-O 6.O-O b6 7.Nc3 Bb7 8.cxd5 exd5
9.Ne5 Na6 10.Nd3 Re8 11.Nf4 Bf8 12.b3 Rb8 13.e3 c6 14.Bb2 Bc8 15.Rc1 Bf5
16.Qe2 Nc7 17.Na4 c5 18.dxc5 b5 19.Bxf6 Qxf6 20.Nc3 d4 21.Ncd5 Nxd5 22.Nxd5 Qg5
23.Qb2 dxe3 24.Nxe3 Bd3 25.Rfd1 Rxe3 26.fxe3 Qxe3+ 27.Qf2 Qg5 28.b4 Bc4 29.Qf4 Qxf4
30.gxf4 Rc8 31.Kf2 g6 32.Bd5 Bxd5 33.Rxd5 Rc6 34.Rd8 Kg7 35.Re1 Rc7 36.Red1 a5
37.a3 axb4 38.axb4 Ra7 39.R1d7 Ra4 40.c6 Rxb4 41.c7  1-0

[Event "Kiev"]
[Site "Kiev"]
[Date "1978.??.??"]
[Round "3"]
[White "Palatnik, Semon"]
[Black "Kuzmin, Gennadi P"]
[Result "0-1"]
[WhiteElo "2490"]
[BlackElo "2535"]

1.d4 Nf6 2.c4 e6 3.g3 d5 4.Bg2 Be7 5.Nf3 O-O 6.O-O dxc4 7.Ne5 Qd6 8.Na3 Rd8
9.Nb5 Qb6 10.a4 c6 11.Nxc4 Qa6 12.Nba3 Bxa3 13.Nxa3 e5 14.e3 Be6 15.b4 Qb6
16.Rb1 Nbd7 17.b5 e4 18.Qc2 c5 19.Bb2 Rac8 20.Nc4 Qc7 21.Ne5 c4 22.Rfc1 Bd5
23.Bf1 Nxe5 24.dxe5 Nd7 25.Qd2 Be6 26.Qd4 Nb6 27.Qxe4 Nxa4 28.Ba3 Qd7 29.Bxc4 Bxc4
30.Rxc4 Nc3 31.Rxc3 Rxc3 32.Bd6 h6 33.h4 Rdc8 34.Kg2 Rc2 35.Rb4 Rd2 36.Qb1 Qe6
37.Rf4 Rc4  0-1

[Event "Kiev"]
[Site "Kiev"]
[Date "1978.??.??"]
[Round "13"]
[White "Palatnik, Semon"]
[Black "Peresipkin, Vladimir"]
[Result "1/2-1/2"]
[WhiteElo "2490"]
[BlackElo "2200"]

1.d4 Nf6 2.c4 e6 3.g3 d5 4.Bg2 Be7 5.Nf3 O-O 6.O-O c6 7.Qc2 b5 8.c5 Nbd7
9.Nbd2 Qc7 10.e4 e5 11.b4 a5 12.bxa5 Rxa5 13.Bb2 exd4 14.Nxd4 Nxc5 15.Rfc1 dxe4
16.Nxe4 Ncxe4 17.Bxe4 c5 18.Nc6  1/2-1/2

[Event "NLD-ch"]
[Site "Leeuwarden"]
[Date "1978.??.??"]
[Round "3"]
[White "Sosonko, Gennadi"]
[Black "Van der Sterren, Paul"]
[Result "1-0"]
[WhiteElo "2575"]
[BlackElo "2400"]

1.d4 Nf6 2.c4 e6 3.g3 d5 4.Bg2 Be7 5.Nf3 O-O 6.O-O b6 7.Ne5 Bb7 8.Nc3 Na6
9.b3 c5 10.Bb2 Ne4 11.Nxe4 dxe4 12.dxc5 Nxc5 13.b4 Qxd1 14.Raxd1 Na4 15.Rd7 Bxb4
16.Rxb7 Nxb2 17.Bxe4 f5 18.Bc6 Bd6 19.Nf3 Nxc4 20.Rd1 Na5 21.Rxd6 Nxb7 22.Bxb7 Rae8
23.Bc6 Re7 24.Ne5 g5 25.Bd7  1-0

[Event "Makarczyk mem"]
[Site "Lodz"]
[Date "1978.??.??"]
[Round "7"]
[White "Helmers, Knut J"]
[Black "Pokojowczyk, Jerzy"]
[Result "1/2-1/2"]
[WhiteElo "2345"]
[BlackElo "2385"]

1.d4 Nf6 2.c4 e6 3.g3 d5 4.Nf3 Be7 5.Bg2 O-O 6.O-O dxc4 7.Qc2 a6 8.a4 Bd7
9.Ne5 Bc6 10.Nxc6 Nxc6 11.e3 Na5 12.Nd2 c5 13.Nxc4 cxd4 14.Nxa5 Qxa5 15.exd4 Rac8
16.Qb3 Nd5 17.Bxd5 Qxd5 18.Qxd5 exd5 19.Be3 Rc2 20.Rfc1 Rxb2 21.Rab1 Rxb1  1/2-1/2

[Event "Lone Pine op"]
[Site "Lone Pine"]
[Date "1978.??.??"]
[Round "4"]
[White "Stean, Michael"]
[Black "Taylor, Timothy"]
[Result "1-0"]
[WhiteElo "2510"]
[BlackElo "2380"]

1.c4 e6 2.g3 d5 3.Bg2 Nf6 4.d4 Be7 5.Nf3 O-O 6.Qc2 b6 7.O-O c5 8.cxd5 exd5
9.Nc3 Bb7 10.dxc5 bxc5 11.Rd1 d4 12.Nxd4 Bxg2 13.Nf5 Nbd7 14.Kxg2 Re8 15.Bg5 Qc8
16.Nxe7+ Rxe7 17.Rd2 h6 18.Bxf6 Nxf6 19.Rad1 Qc6+ 20.Kg1 Qe6 21.Rd8+ Re8
22.Rxa8 Rxa8 23.Qd3 c4 24.Qd4 Rb8 25.Rd2 Rb7 26.Qc5 Ne4 27.Nxe4 Qxe4 28.Rd4 Qb1+
29.Kg2 Rxb2 30.Qxc4 Qc2 31.Rd8+ Kh7 32.Qxf7 Qe4+ 33.Kh3 Rb6 34.Re8 Qb1 35.Qg8+ Kg6
36.Re6+ Rxe6 37.Qxe6+ Kh7 38.Kg2 a5 39.Qd5 Qe1 40.e4 g5 41.h3 h5 42.h4  1-0

[Event "Lone Pine op"]
[Site "Lone Pine"]
[Date "1978.??.??"]
[Round "7"]
[White "Reshevsky, Samuel Herman"]
[Black "Rogoff, Kenneth"]
[Result "0-1"]
[WhiteElo "2465"]
[BlackElo "2520"]

1.d4 Nf6 2.c4 e6 3.g3 d5 4.Bg2 Be7 5.Nf3 O-O 6.O-O dxc4 7.Qa4 a6 8.Qxc4 b5
9.Qc2 Bb7 10.Nbd2 Nbd7 11.e4 c5 12.e5 Nd5 13.Qe4 Qb6 14.dxc5 Nxc5 15.Qg4 Rac8
16.h4 Nd3 17.Nb3 Rc4 18.Qh5 f5 19.exf6 Nxf6 20.Qg5 Bxf3 21.Bxf3 Nd5 22.Qh5 g6
23.Qxd5 exd5 24.Bxd5+ Kg7 25.Be3 Qd6 26.Bg2 Nxb2 27.Rab1 Bf6 28.Nd2 Qa3 29.Nxc4 bxc4
30.g4 Kh8 31.g5 Bg7 32.Rfe1 c3 33.Be4 Qb4  0-1

[Event "Salgotarjan"]
[Site "Salgotarjan"]
[Date "1978.??.??"]
[Round "?"]
[White "Kaposztas, Miklos"]
[Black "Varnusz, Egon"]
[Result "1/2-1/2"]
[WhiteElo "2305"]
[BlackElo "2410"]

1.c4 Nf6 2.g3 e6 3.d4 d5 4.Bg2 Be7 5.Nf3 O-O 6.O-O dxc4 7.Qa4 a6 8.Qxc4 b5
9.Qc2 Bb7 10.Bg5 Nbd7 11.Nbd2 Rc8 12.Rac1 c5 13.dxc5 Bxc5 14.Qb1 Qb6 15.Bxf6 Nxf6
16.Ne1 Bxg2 17.Nxg2 h6 18.Nb3 Bd6 19.Rxc8 Rxc8 20.Rc1 Rxc1+ 21.Nxc1 Qd4 22.Ne3 h5
23.Nb3 Qa4 24.Nd2 h4 25.Nf3 hxg3 26.hxg3  1/2-1/2

[Event "Sao Paulo"]
[Site "Sao Paulo"]
[Date "1978.??.??"]
[Round "6"]
[White "Sosonko, Gennadi"]
[Black "Najdorf, Miguel"]
[Result "1-0"]
[WhiteElo "2575"]
[BlackElo "2525"]

1.d4 Nf6 2.c4 e6 3.g3 d5 4.Bg2 Be7 5.Nf3 O-O 6.O-O dxc4 7.Qc2 a6 8.a4 Nc6
9.Qxc4 Qd5 10.Qd3 Rd8 11.Nc3 Qh5 12.Qc4 Nd5 13.a5 Bd7 14.e4 Nxc3 15.bxc3 Rac8
16.e5 Na7 17.Qb3 Bc6 18.c4 Rb8 19.Rd1 Be4 20.Qe3 Bf5 21.d5 Nc6 22.Ba3 exd5
23.cxd5 Bxa3 24.dxc6 Bb2 25.Rxd8+ Rxd8 26.Ra2 Rd1+ 27.Ne1 Bd4 28.cxb7 Ba7
29.Rd2 h6 30.Rxd1 Qxd1 31.Bf3 Qb1 32.Qxa7 Qxe1+ 33.Kg2  1-0

[Event "Sao Paulo"]
[Site "Sao Paulo"]
[Date "1978.??.??"]
[Round "13"]
[White "Camara, Helder"]
[Black "Ivkov, Borislav"]
[Result "0-1"]
[WhiteElo "2325"]
[BlackElo "2515"]

1.Nf3 Nf6 2.c4 e6 3.g3 d5 4.d4 Be7 5.Bg2 O-O 6.O-O Nbd7 7.Nc3 c6 8.Qd3 b6
9.cxd5 cxd5 10.Bf4 Bb7 11.Rac1 Nh5 12.Bd2 Rc8 13.Rc2 a6 14.a4 Bd6 15.Rfc1 Nhf6
16.Na2 Rxc2 17.Rxc2 Ne4 18.Bb4 a5 19.Bxd6 Nxd6 20.Nd2 Qa8 21.Qa3 Nf5 22.e3 Rc8
23.Rc3 Ba6 24.Bh3 g6 25.Bxf5 gxf5 26.Qe7 Qb7 27.h4 h6 28.Rxc8+ Qxc8 29.Nc3 Kg7
30.Qd6 Bd3 31.Nf3 Qb7 32.Ne5 Nxe5 33.Qxe5+ Kh7 34.Qd6 Kg7 35.Qe5+ Kh7 36.Qf6 Qc7
37.Kg2 Bc2 38.Kh3 Qd7 39.Ne2 Qe8 40.Nf4 Bxa4 41.f3 Qg8 42.Qe7 Qe8 43.Qc7 Bd1
44.Kg2 Kg8 45.Qxb6 Qc8 46.Qc5 Qa6 47.Qc1 Be2 48.Kf2 Bc4 49.Qc3 Qb5 50.Qa3 a4
51.Qc3 Qb6 52.Ng2 Ba6 53.Nf4 Qb5 54.Qc1 Qb3 55.Kg2 Bc4 56.Kh3 Qa2 57.Ng2 a3
58.bxa3 Qf2 59.Qe1 Qxf3 60.Kh2 Bd3 61.a4 Be4 62.Nf4 f6 63.Qc1 Qf2+ 64.Kh3 h5  0-1

[Event "SWE-ch"]
[Site "SWE"]
[Date "1978.??.??"]
[Round "?"]
[White "Renman, Nils Gustaf"]
[Black "Bengtsson, Bo"]
[Result "1/2-1/2"]
[WhiteElo "2400"]
[BlackElo "2350"]

1.Nf3 d5 2.d4 Nf6 3.g3 e6 4.Bg2 Be7 5.c4 O-O 6.O-O dxc4 7.Qa4 a6 8.Qxc4 b5
9.Qc2 Bb7 10.Bg5 Nbd7 11.Nc3 Rc8 12.Rfd1 Qe8 13.Ne5 Bxg2 14.Kxg2 c5 15.Nxd7 Qxd7
16.dxc5 Qb7+ 17.f3 Rxc5 18.Qd2 Rfc8 19.Rac1 R5c7 20.Bxf6 Bxf6 21.Ne4 Rxc1
22.Nxf6+ gxf6 23.Rxc1 Rxc1 24.Qxc1  1/2-1/2

[Event "Hoogovens"]
[Site "Wijk aan Zee"]
[Date "1978.??.??"]
[Round "?"]
[White "Sosonko, Gennadi"]
[Black "Najdorf, Miguel"]
[Result "1/2-1/2"]
[WhiteElo "2575"]
[BlackElo "2525"]

1.d4 Nf6 2.c4 e6 3.g3 d5 4.Bg2 Be7 5.Nf3 O-O 6.O-O dxc4 7.Qc2 a6 8.Qxc4 b5
9.Qc2 Bb7 10.Bd2 Nc6 11.e3 Nb4 12.Bxb4 Bxb4 13.a3 Be7 14.Nbd2 Rc8 15.Nb3 Be4
16.Qc3 Qd5 17.Nbd2 c5 18.Nxe4 Nxe4 19.Qa5 Qd6 20.dxc5 Nxc5 21.Rfd1 Qc7 22.Qxc7 Rxc7
23.Rac1 Rfc8 24.Nd4 Na4 25.Rxc7 Rxc7 26.Nc6 Kf8 27.b4 Nb2 28.Rd2 Nc4 29.Ra2 Rd7
30.Bf1 Rd6  1/2-1/2

[Event "Schacknytts Jubileumsturnering"]
[Site "Malmo"]
[Date "1979.12.01"]
[Round "6"]
[White "Kaiszauri, Konstanty"]
[Black "Schussler, Harry"]
[Result "1/2-1/2"]
[WhiteElo "2405"]
[BlackElo "2460"]

1.c4 e6 2.d4 Nf6 3.g3 d5 4.Bg2 Be7 5.Nf3 O-O 6.O-O dxc4 7.Ne5 Nc6 8.Bxc6 bxc6
9.Nxc6 Qe8 10.Nxe7+ Qxe7 11.Qa4 c5 12.Qxc4 cxd4 13.Qxd4 e5 14.Qh4 Rb8 15.b3 Qe6
16.Nd2 Bb7 17.Nc4 Nd5 18.Bb2 f6 19.Rfd1 Rfd8 20.e4 Nb4 21.Bxe5 Rxd1+ 22.Rxd1 Re8
23.Rd6 Qe7 24.Bxf6 gxf6 25.Qg4+ Kf8 26.Qh4 Qxe4 27.Qxf6+ Kg8 28.Qg5+ Kf8
29.Qf6+ Kg8 30.Qg5+  1/2-1/2